000 00398nam a22001697a 4500
003 BD-DhUIB
005 20251018163700.0
008 251018b |||||||| |||| 00| 0 eng d
040 _aBD-DhUIB
_cBD-DhUIB
050 _a174.4
082 _222
100 _aHoffman, W. Michocl.
_91020
245 _aBusiness ethics/
_cby Michocl Hoffman W.
250 _a5th ed.
526 _aBBA.
942 _2ddc
_cBK
999 _c565
_d565